000 01772nam2a22002531 4500
001 rc\3356557
005 20250609183414.0
021 _aRU
_bРг4206-72
021 _aRU
_b71-87018
035 _a(NLR Aleph) 007439373
090 _a7099236
_c7099236
100 _a20130115d1971 |||y0rusy50 ca
101 0 _arus
102 _aRU
105 _ay z |||||
200 1 _aСекция органической химии и технологии
_fМ-во высш. и сред. спец. образ. РСФСР. Ленингр. ордена Труд. Красного Знамени технол. ин-т им. Ленсовета. Науч.-техн. конференция. С 9 по 13 ноября
_iПодсекция органической секции
210 _d1971
_aБ. м.
215 _a43 с.
_d20
461 0 _1001rc\3356553
_12001#$aКраткие сообщения$e[1]-$fМ-во высш. и сред. спец. образ. РСФСР. Ленингр. ордена Труд. Красного Знамени технол. ин-т им. Ленсовета. Науч.-техн. конф. с 7 по 14 окт.$v[3]
_97099211
_aЛенинградский технологический институт им. Ленсовета. Научно-техническая конференция (1971, октябрь-ноябрь)
_cЛенинград
_d1971
_fМ-во высш. и сред. спец. образ. РСФСР. Ленингр. ордена Труд. Красного Знамени технол. ин-т им. Ленсовета. Науч.-техн. конф. с 7 по 14 окт.
_nБ. и.
_o[1]-
_tКраткие сообщения
_v[3]
801 0 _aRU
_bNLR
_gpsbo
801 1 _aRU
_bELAR
_2rusmarc
852 _aNLR
_j71-4/22104
942 _cBOOK
980 _aNB